Draft Treaty for the Establishment of the East African Community (Record no. 728)

MARC details
000 -LEADER
fixed length control field 00331nam a22000977a 4500
008 - FIXED-LENGTH DATA ELEMENTS--GENERAL INFORMATION
fixed length control field 230606b xxu||||| |||| 00| 0 eng d
245 ## - TITLE STATEMENT
Title Draft Treaty for the Establishment of the East African Community
260 ## - PUBLICATION, DISTRIBUTION, ETC. (IMPRINT)
Place of publication, distribution, etc. Arusha,Tanzania
Name of publisher, distributor, etc. The Secretariat of the Commission for East African Co-operation
300 ## - PHYSICAL DESCRIPTION
Extent VII,121p
942 ## - ADDED ENTRY ELEMENTS (KOHA)
Source of classification or shelving scheme Dewey Decimal Classification
Koha item type Books

No items available.

LIBRARY OPENING HOURS

When the Parliament is sitting: 8.00a.m - 7.00p.m or until the house adjourns
Mondays and Fridays and when the House is on Recess:  8.00a.m - 5.00p.m
Closed on Weekends and Public Holidays

Online Public Access Catalog (OPAC)
Website: http://www.parliament.go.ke
Bunge Library: https://libraryir.parliament.go.ke
Contact: library@parliament.go.ke | Tel no: (254-2)2221291 or 2848000 Ext 5043